[Event "Polish Extraleague"]
[Site "Lubniewice POL"]
[Date "2003.09.05"]
[Round "7"]
[White "Stempin,P"]
[Black "Jasik,K"]
[Result "1-0"]
[WhiteElo "2401"]
[BlackElo "2343"]

1.Nf3 c5 2.c4 Nf6 3.Nc3 d5 4.cxd5 Nxd5 5.g3 e6 6.Bg2 Nc6 7.O-O Be7 8.d4 Nxc3
9.bxc3 O-O 10.e4 Na5 11.Re1 b6 12.Bf4 Bb7 13.h4 Rc8 14.d5 exd5 15.exd5 Bf6
16.Ne5 Bxe5 17.Bxe5 Qd7 18.Qd3 Rcd8 19.Rad1 Qg4 20.Bf3 Qg6 21.Be4 f5 22.Bg2 Rd7
23.Bf4 h6 24.Re5 Nc6 25.Re3 Na5 26.Rde1 c4 27.Qd4 Rfd8 28.Re7 Kh7 29.h5 Qg4
30.f3  1-0

[Event "ch-ROM"]
[Site "Satu Mare ROM"]
[Date "2003.09.05"]
[Round "3.1"]
[White "Musat,A"]
[Black "Negulescu,Ad"]
[Result "1-0"]
[WhiteElo "2397"]
[BlackElo "2428"]

1.Nf3 Nf6 2.c4 c5 3.Nc3 e6 4.g3 d5 5.cxd5 Nxd5 6.Bg2 Be7 7.O-O O-O 8.d4 cxd4
9.Nxd5 Qxd5 10.Nxd4 Qh5 11.Qb3 Na6 12.Bxb7 Rb8 13.Qf3 Qxf3 14.Bxf3 Bd7 15.Nb3 Nb4
16.Bf4 Rbc8 17.Be5 Ba4 18.Bc3 Nc2 19.Rac1 Nb4 20.Bxb4 Bxb4 21.Nd4 g6 22.Bc6 e5
23.Bxa4 exd4 24.Rfd1 Rxc1 25.Rxc1 Ba5 26.Rc6 Rd8 27.Bc2 Rd7 28.Bd3 Bb6 29.Kg2 Kf8
30.Kf3 Ke7 31.b4 Rc7 32.Rxc7+ Bxc7 33.Ke4 Kd6 34.g4 a5 35.bxa5 Bxa5 36.f3 Bc3
37.Bc4 f6 38.Bg8 h6 39.Bf7 g5 40.Bc4 Kc5 41.Bd3 Ba5 42.Kf5 Bd8 43.Kg6 Kd6
44.Kxh6 Ke5 45.Kh5 Ba5 46.h4 Bd2 47.a4 Kd6 48.hxg5 fxg5 49.Kg6 Kc5 50.Be4 Kd6
51.Bc2 Ke5 52.Bb3 Kd6 53.Kf5 Kc5 54.Bc2 Bf4 55.Bd3 Bd2 56.Ke4 Ba5 57.f4 gxf4
58.Kxf4  1-0

[Event "ch-Nordic"]
[Site "Aarhus DEN"]
[Date "2003.09.06"]
[Round "1"]
[White "Agrest,E"]
[Black "Kallio,H"]
[Result "1-0"]
[WhiteElo "2605"]
[BlackElo "2471"]

1.c4 Nf6 2.Nc3 c5 3.Nf3 g6 4.d4 cxd4 5.Nxd4 Bg7 6.e4 O-O 7.Be2 d6 8.O-O Nbd7
9.Kh1 Nc5 10.f3 Bd7 11.Be3 Ne6 12.Qd2 Nxd4 13.Bxd4 Bc6 14.b4 b6 15.Rad1 a5
16.a3 axb4 17.axb4 Nd7 18.Bxg7 Kxg7 19.f4 f6 20.Bd3 Ra7 21.Rf3 Qc7 22.Rg3 Rfa8
23.h4 Ra1 24.h5 Nf8 25.Kh2 Rxd1 26.Nxd1 e6 27.Ne3 Bd7 28.Ng4 Qd8 29.Be2 Qe7
30.hxg6 hxg6 31.e5 dxe5 32.fxe5 fxe5 33.Qh6+ Kg8 34.Rf3 e4 35.Nf6+ Kf7 36.Nxe4+ Ke8
37.c5 bxc5 38.bxc5 Nh7 39.Nd6+ Kd8 40.Rf7 Qg5 41.Qxg5+  1-0

[Event "1st League TCh-SCG"]
[Site "Budva SCG"]
[Date "2003.09.06"]
[Round "8"]
[White "Martinovic,Sl"]
[Black "Pavlovic,Mi"]
[Result "1/2-1/2"]
[WhiteElo "2441"]
[BlackElo "2569"]

1.Nf3 Nf6 2.c4 c5 3.Nc3 d5 4.cxd5 Nxd5 5.g3 Nc7 6.Bg2 Nc6 7.O-O g6 8.d3 Bg7
9.Qa4 Bd7 10.Qh4 h6 11.Be3 b6 12.Rfe1 e5 13.Qxd8+ Rxd8 14.Nd2 O-O 15.a3 f5
16.f4 Ne6 17.Nc4 exf4 18.gxf4 Ned4 19.Rab1 b5 20.Bxc6 Bxc6 21.Na5 Ba8 22.Kf2 Rfe8
23.b4 cxb4 24.Rxb4 a6 25.a4 bxa4 26.Rxa4 Re6 27.Rc4 Nc6 28.Nxc6  1/2-1/2

[Event "1st League TCh-SCG"]
[Site "Budva SCG"]
[Date "2003.09.07"]
[Round "9"]
[White "Pavlovic,Mi"]
[Black "Perunovic,Mio"]
[Result "0-1"]
[WhiteElo "2569"]
[BlackElo "2356"]

1.Nf3 Nf6 2.c4 c5 3.Nc3 e6 4.g3 b6 5.Bg2 Bb7 6.O-O Be7 7.d4 cxd4 8.Qxd4 Nc6
9.Qf4 O-O 10.Rd1 Qb8 11.Ng5 d6 12.b3 Rd8 13.Bb2 h6 14.Nge4 Ne8 15.g4 Ne5
16.Qg3 Ng6 17.Rac1 a6 18.a4 Ra7 19.e3 Ba8 20.Rc2 Rc7 21.Nd2 Bxg2 22.Qxg2 Nh4
23.Qg3 Qb7 24.e4 d5 25.cxd5 exd5 26.Rcc1 dxe4 27.Ndxe4 Rcd7 28.Rxd7 Rxd7
29.Re1 b5 30.axb5 axb5 31.Qe3 Nf6 32.f3 b4 33.Ne2 Nxe4 34.fxe4 Bg5 35.Qf2 Rd2
36.Bc1 Qxe4 37.Bxd2 Nf3+ 38.Kh1 Nxe1+  0-1

[Event "1st League TCh-SCG"]
[Site "Budva SCG"]
[Date "2003.09.07"]
[Round "9"]
[White "Benkovic,P"]
[Black "Vuckovic,Bo"]
[Result "1/2-1/2"]
[WhiteElo "2474"]
[BlackElo "2507"]

1.Nf3 c5 2.c4 Nf6 3.Nc3 e6 4.d4 cxd4 5.Nxd4 Nc6 6.g3 Qb6 7.Ndb5 Ne5 8.Bg2 a6
9.Qa4 Rb8 10.Be3 Bc5 11.Bxc5 Qxc5 12.Qa3 b6 13.Nd6+ Ke7 14.Qxc5 bxc5 15.Nxc8+ Rhxc8
16.b3 d6 17.O-O g5 18.Rad1 h5 19.Rd2 Rc7 20.Rfd1 Rd7 21.Na4 Rb4 22.Nc3 Rb8
23.Na4 Rb4 24.Nc3  1/2-1/2

[Event "1st League TCh-SCG w"]
[Site "Budva SCG"]
[Date "2003.09.07"]
[Round "9"]
[White "Benderac,A"]
[Black "Urosevic,M"]
[Result "1-0"]
[WhiteElo "2310"]
[BlackElo "2009"]

1.Nf3 Nf6 2.c4 c5 3.Nc3 b6 4.d4 cxd4 5.Nxd4 Bb7 6.f3 e6 7.e4 d6 8.Be3 a6
9.Be2 Qc7 10.Qd2 Nbd7 11.O-O-O Be7 12.g4 Ne5 13.b3 Rc8 14.g5 Nfd7 15.Kb2 Nc5
16.h4 Rd8 17.Qc2 Nc6 18.Nxc6 Bxc6 19.Bd4 Rg8 20.Rhe1 Nd7 21.f4 Kf8 22.Bf1 e5
23.Be3 f6 24.Nd5 Bxd5 25.exd5 g6 26.f5 Kf7 27.Bh3 Rdf8 28.fxg6+ Rxg6 29.h5 Rg7
30.g6+ hxg6 31.hxg6+ Ke8 32.Bh6 Rfg8 33.Bxg7 Rxg7 34.Bf5 Nf8 35.Rh1 b5 36.cxb5 Qxc2+
37.Kxc2 axb5 38.Rh8 Kd8 39.Kb2 Kc7 40.Rh7 Nxh7 41.gxh7  1-0

[Event "ch-ROM"]
[Site "Satu Mare ROM"]
[Date "2003.09.07"]
[Round "4.1"]
[White "Grunberg,M"]
[Black "Musat,A"]
[Result "1-0"]
[WhiteElo "2406"]
[BlackElo "2397"]

1.c4 Nf6 2.Nf3 c5 3.Nc3 e6 4.g3 b6 5.Bg2 Bb7 6.O-O d6 7.Re1 Be7 8.e4 Nc6
9.d4 e5 10.dxe5 dxe5 11.Nd5 O-O 12.b3 Re8 13.Qd3 Nd7 14.Bb2 Bf8 15.Rad1 f6
16.a3 Nd4 17.h4 a6 18.Bh3 Bc6 19.Nxd4 cxd4 20.b4 a5 21.Ra1 Kh8 22.Rec1 Qb8
23.h5 Qd6 24.Qb3 Rad8 25.Rcb1 Nb8 26.Bc1 axb4 27.axb4 b5 28.Ra5 bxc4 29.Qxc4 Bb7
30.h6 g6 31.Nc7 Re7 32.Nd5 Ree8 33.Nc7 Bc8 34.Bg2 Re7 35.Ra8 Nd7 36.Qf7  1-0

[Event "1st League TCh-SCG w"]
[Site "Budva SCG"]
[Date "2003.09.08"]
[Round "10"]
[White "Miloradovic,J"]
[Black "Matveeva,S"]
[Result "0-1"]
[WhiteElo "2149"]
[BlackElo "2478"]

1.Nf3 Nf6 2.c4 c5 3.Nc3 e6 4.e4 Nc6 5.d4 cxd4 6.Nxd4 Bb4 7.Nxc6 bxc6 8.Qc2 O-O
9.Bd3 d5 10.cxd5 exd5 11.O-O Bxc3 12.bxc3 dxe4 13.Bxe4 Nxe4 14.Qxe4 Qf6 15.Be3 Bf5
16.Qf3 Qg6 17.Qg3 a5 18.Qxg6 hxg6 19.Rad1 Rfb8 20.Rd6 Rb2 21.a3 Rb3 22.Bc5 Rc8
23.Rc1 Rcb8 24.h3 Be4 25.f3 R8b5 26.Bf2 Bf5 27.a4 Rb8 28.Rxc6 Ra3 29.Ra6 Rb2
30.g4 Be6 31.Rb6 Rd2 32.Be3 Re2 33.Bf4 Rxa4 34.Rb8+ Kh7 35.Rd1 g5 36.Bxg5 Raa2
37.Bf4 Rg2+ 38.Kh1 Rgf2 39.Be5 Rxf3 40.Rb7 Bd5  0-1

[Event "56th ch-RUS"]
[Site "Krasnoyarsk RUS"]
[Date "2003.09.10"]
[Round "7"]
[White "Landa,K"]
[Black "Balashov,Y"]
[Result "1/2-1/2"]
[WhiteElo "2614"]
[BlackElo "2500"]

1.Nf3 Nf6 2.c4 e6 3.Nc3 c5 4.g3 d5 5.cxd5 Nxd5 6.Bg2 Nc6 7.O-O Be7 8.d4 O-O
9.e4 Ndb4 10.Be3 cxd4 11.Nxd4 Nxd4 12.Bxd4 b6 13.Nb5 a6 14.e5 Rb8 15.Nc3  1/2-1/2

[Event "TCh-CRO"]
[Site "Rabac CRO"]
[Date "2003.09.10"]
[Round "4"]
[White "Tkachiev,V"]
[Black "Kober,Ml"]
[Result "1-0"]
[WhiteElo "2654"]
[BlackElo "2336"]

1.c4 Nf6 2.Nc3 c5 3.Nf3 e6 4.d4 cxd4 5.Nxd4 Nc6 6.a3 a6 7.g3 Be7 8.Bg2 O-O
9.O-O Nxd4 10.Qxd4 d6 11.Rd1 Qc7 12.Bg5 Rd8 13.Rac1 Rb8 14.Qa7 Bd7 15.Be3 Rf8
16.b3 Qc8 17.Bf4 e5 18.Bg5 Be6 19.Bxf6 gxf6 20.Qe3 Qc5 21.Qh6 Qxa3 22.Nd5 Bd8
23.Nxf6+ Bxf6 24.Be4 Rfe8 25.Bxh7+ Kh8 26.Be4+ Kg8 27.Qxf6 b5 28.h4 bxc4
29.h5 Rxb3 30.Qg5+  1-0

[Event "14th ch-NATO"]
[Site "Hoevelte DEN"]
[Date "2003.09.11"]
[Round "6"]
[White "Borchgrevink,H"]
[Black "Seel,C"]
[Result "1/2-1/2"]
[WhiteElo "2197"]
[BlackElo "2315"]

1.c4 Nf6 2.Nc3 c5 3.Nf3 d5 4.cxd5 Nxd5 5.e4 Nb4 6.d3 Bg4 7.Be3 e6 8.Rc1 N8c6
9.a3 Na6 10.Be2 Be7 11.O-O O-O 12.Na4 Bxf3 13.Bxf3 Nd4 14.Bg4 Qd7 15.Nc3 Nc7
16.Ne2 Ncb5 17.Rc4 Rfc8 18.Qa4 Nxe2+ 19.Bxe2 Rd8  1/2-1/2

[Event "56th ch-RUS"]
[Site "Krasnoyarsk RUS"]
[Date "2003.09.12"]
[Round "9"]
[White "Logunov,M"]
[Black "Belov,Vl"]
[Result "1/2-1/2"]
[WhiteElo "2422"]
[BlackElo "2553"]

1.Nf3 Nf6 2.c4 c5 3.Nc3 e6 4.e3 d5 5.d4 Nc6 6.cxd5 exd5 7.h3 c4 8.Be2 Bb4
9.Bd2 O-O 10.O-O Re8 11.b3 Bxc3 12.Bxc3 Ne4 13.Qc1 b5 14.bxc4 dxc4 15.Nd2 Nxc3
16.Qxc3 Nxd4 17.Bxc4 bxc4 18.exd4 Bb7 19.Rfe1 Qd5 20.f3 Red8 21.Qxc4 Qxc4
22.Nxc4 Rxd4 23.Na5 Bd5 24.Nb3 Rd3 25.Rad1 Rxd1 26.Rxd1 Be6 27.Rd6 Kf8 28.Ra6 Bc4
29.Rc6 Bd5 30.Rd6 Be6 31.Ra6 Ke7 32.Nd4 Bd7 33.Kf2 Kd8 34.Ke3 Kc7 35.Kd3 Kb7
36.Ra5 Re8 37.Rd5 Kc7 38.Ra5 Kb6 39.Rd5 Bc8 40.Rb5+ Kc7 41.Ra5 a6 42.Rc5+ Kb6
43.Rd5 Kc7 44.Rc5+ Kb7 45.Kd2 Bd7 46.g4 Kb6 47.Rd5 Kc7 48.Rh5 h6 49.Rc5+ Kb6
50.Rd5 Bc8 51.h4 g6 52.h5 Bb7 53.Rd7 gxh5 54.gxh5 Re5 55.Rxf7 Rxh5 56.Rf6+ Kc5
57.Kc3 Rh1 58.Rf5+ Kd6 59.Rf6+ Kc5 60.Rf5+ Bd5 61.Rf6 h5 62.Nb3+ Bxb3 63.axb3 h4
64.Rxa6 Rf1 65.Rh6 Rxf3+ 66.Kd2 h3 67.Ke2 Rxb3 68.Kf2 Kd4 69.Kg1 Ke4 70.Kh2 Rb2+  1/2-1/2

[Event "GM"]
[Site "Ansfelden AUT"]
[Date "2003.09.17"]
[Round "6"]
[White "Roos,M GER"]
[Black "Stanec,N"]
[Result "1/2-1/2"]
[WhiteElo "2412"]
[BlackElo "2560"]

1.Nf3 Nf6 2.c4 c5 3.Nc3 b6 4.e4 d6 5.d4 cxd4 6.Nxd4 Bb7 7.f3 e6 8.Be2 a6
9.O-O Be7 10.Be3 O-O 11.Qd2 Nbd7 12.a4 Rb8 13.Rfc1 Kh8 14.Bf1 Rg8 15.Qf2 g5
16.g4 Ne5 17.b4 Nfd7 18.a5 bxa5 19.Rxa5 Qf8 20.Raa1 h5 21.h3 Qh6 22.Na4 Rbc8
23.c5 hxg4 24.hxg4 Kg7 25.Nb6 Rh8 26.Qg2 dxc5 27.bxc5 Rxc5 28.Nxd7 Nxd7 29.Rcb1 Rc7
30.Bxa6  1/2-1/2

[Event "zt 2.5"]
[Site "Asuncion PAR"]
[Date "2003.09.19"]
[Round "6"]
[White "Vasquez,R"]
[Black "Giardelli,S"]
[Result "1-0"]
[WhiteElo "2514"]
[BlackElo "2437"]

1.Nf3 c5 2.c4 Nf6 3.Nc3 g6 4.e4 d6 5.d4 cxd4 6.Nxd4 Bg7 7.Be2 O-O 8.O-O Nc6
9.Be3 Nxd4 10.Bxd4 Be6 11.f4 Qc7 12.b3 Bg4 13.Kh1 Bxe2 14.Qxe2 Rfe8 15.Rad1 b6
16.Rf3 Qc6 17.Nd5 Qb7 18.Bxf6 Bxf6 19.e5 Bg7 20.exd6 exd6 21.Re3 Rxe3 22.Qxe3 b5
23.cxb5 Qxb5 24.Nc7 Qh5 25.Rd5  1-0

[Event "EYg18"]
[Site "Budva YUG"]
[Date "2003.09.19"]
[Round "6"]
[White "Kursova,M"]
[Black "Pogonina,N"]
[Result "1/2-1/2"]
[WhiteElo "2264"]
[BlackElo "2340"]

1.Nf3 c5 2.c4 Nf6 3.Nc3 g6 4.e4 d6 5.d4 cxd4 6.Nxd4 Bg7 7.Be2 O-O 8.Be3 Nc6
9.Qd2 Bd7 10.O-O a6 11.f3 Rb8 12.a4 Qc7 13.Rfc1 Rfc8 14.Rab1 Qd8 15.b4 Ne5
16.Qa2 a5 17.b5 Be8 18.Kh1 Ned7 19.Rd1 Ra8 20.Rbc1 Qc7 21.Nb3 b6 22.Nd4 Nc5
23.Nd5 Qd8 24.Bg5 Nxd5 25.cxd5 Bxd4 26.Rxd4 Rc7 27.Re1 Qc8 28.f4 f6 29.Bh4 Nd7
30.Bc4 Bf7 31.h3 Qf8 32.Bf2 Rac8 33.Be3 Qg7 34.Bb3 Kh8 35.Rc4 Rxc4 36.Bxc4 Kg8
37.Bb3 Qf8 38.Bd4 Qh6  1/2-1/2

[Event "ch-IRI"]
[Site "Mashad IRI"]
[Date "2003.09.24"]
[Round "1"]
[White "Bakhtshahi,M"]
[Black "Roghani,A"]
[Result "0-1"]
[WhiteElo "2099"]
[BlackElo "2301"]

1.Nf3 Nf6 2.c4 c5 3.Nc3 e6 4.e3 d5 5.cxd5 exd5 6.d4 Nc6 7.Be2 cxd4 8.Nxd4 Bd6
9.O-O O-O 10.Bf3 Be5 11.Nce2 Qd6 12.h3 Qe7 13.b3 Ne4 14.Nf4 Bxf4 15.Nxc6 bxc6
16.exf4 Qf6 17.Be3 Re8 18.Qd3 Qg6 19.g4 h5 20.Kh2 hxg4 21.Rg1 Ng5  0-1

[Event "ch-IRI"]
[Site "Mashad IRI"]
[Date "2003.09.25"]
[Round "3"]
[White "Noroozi,O"]
[Black "Ardeshi,M"]
[Result "1-0"]
[WhiteElo "2196"]
[BlackElo "2339"]

1.c4 Nf6 2.Nc3 c5 3.Nf3 d5 4.cxd5 Nxd5 5.e4 Nb4 6.Bc4 Nd3+ 7.Ke2 Nf4+ 8.Kf1 Ne6
9.b4 cxb4 10.Ne2 Nc7 11.d4 e6 12.h4 b5 13.Bd3 Bb7 14.Bf4 Bd6 15.Bg5 f6 16.Be3 Nd7
17.h5 O-O 18.Rh3 Re8 19.Qc2 Nf8 20.Rd1 Rc8 21.Qb1 a6 22.Kg1 Na8 23.e5 Be7
24.Nf4 Nc7 25.h6 f5 26.hxg7 Kxg7 27.Bxf5 exf5 28.d5 Nxd5 29.Ne6+ Nxe6 30.Qxf5 Nf8
31.Bh6+ Kh8 32.Bxf8 Bh4 33.Rxh4 Qxh4 34.Nxh4 Rxf8 35.Qd7 Bc6 36.Qd6 Nc3 37.Rd3 Be4
38.Re3 Rf4 39.Qh6 Rcf8  1-0

[Event "Tatry Open"]
[Site "Tatranske Zruby SVK"]
[Date "2003.09.27"]
[Round "1"]
[White "Marsina,S"]
[Black "Mrva,Mart"]
[Result "0-1"]
[WhiteElo "2070"]
[BlackElo "2470"]

1.c4 Nf6 2.Nc3 c5 3.Nf3 e6 4.e3 Be7 5.d4 cxd4 6.exd4 d5 7.cxd5 Nxd5 8.Bb5+ Bd7
9.Bxd7+ Qxd7 10.O-O Nc6 11.Qe2 O-O 12.Rd1 Rfd8 13.Ne4 Rac8 14.a3 Qc7 15.Bg5 h6
16.Bxe7 Ndxe7 17.Nc3 Qb6 18.h3 Nxd4 19.Nxd4 Rxd4 20.Rxd4 Qxd4 21.Qb5 Qb6
22.Qxb6 axb6 23.Rd1 Rc7 24.Rd8+ Kh7 25.g3 Kg6 26.Kg2 Nc6 27.Rd6 Kf6 28.Nb5 Re7
29.f4 g5 30.Kf3 gxf4 31.Kxf4 Re8 32.Rd7 Re7 33.Rd6 Na5 34.Nc3 Nc4 35.Nd5+ Kg7
36.Nxe7 Nxd6 37.Ke5 Nc4+ 38.Kd4 Nxb2 39.Nc8 Kf6 40.Nxb6 Ke7 41.Nc8+ Kd7 42.Na7 Na4
43.Nb5 f6 44.g4 e5+ 45.Ke4 Kc6 46.Na7+ Kc5 47.Nc8 Nc3+ 48.Kd3 Nd5 49.h4 Kc6
50.Ke4 Kc7 51.Kxd5 Kxc8 52.g5 fxg5 53.hxg5 hxg5 54.Kxe5 Kd7 55.Kf5 Kc6 56.Kxg5 Kb5
57.Kf4 Ka4 58.Ke3 Kxa3 59.Kd2 Kb2  0-1

[Event "ECC"]
[Site "Rethymnon GRE"]
[Date "2003.09.28"]
[Round "1"]
[White "Greenfeld,A"]
[Black "Kosmo,S"]
[Result "1-0"]
[WhiteElo "2556"]
[BlackElo "2180"]

1.Nf3 Nf6 2.c4 c5 3.Nc3 e6 4.g3 b6 5.Bg2 Bb7 6.O-O Be7 7.Re1 d6 8.e4 Nbd7
9.d4 cxd4 10.Nxd4 Qc7 11.g4 h6 12.f4 a6 13.Be3 Rc8 14.Rc1 Qb8 15.Qe2 Nh7
16.Bf2 g5 17.f5 Nhf8 18.Nf3 Bf6 19.b4 Ba8 20.Na4 Ke7 21.c5 bxc5 22.bxc5 Be5
23.Qxa6 Bb7 24.Qb5 Qa8 25.cxd6+ Bxd6 26.e5 Bc7 27.Rc3 Bd5 28.f6+ Kd8 29.Nb6 Qb7
30.Qb4 Bxb6 31.Qe7+  1-0

[Event "ECC"]
[Site "Rethymnon GRE"]
[Date "2003.09.28"]
[Round "1"]
[White "Ekeberg,C"]
[Black "Ftacnik,L"]
[Result "0-1"]
[WhiteElo "2226"]
[BlackElo "2598"]

1.Nf3 c5 2.c4 Nf6 3.Nc3 e6 4.g3 b6 5.Bg2 Bb7 6.O-O d6 7.Re1 Nbd7 8.e4 Rc8
9.b3 a6 10.a4 Be7 11.d4 cxd4 12.Nxd4 Qc7 13.f4 h5 14.h3 Ba8 15.Be3 g6 16.Bf2 O-O
17.f5 e5 18.Nc2 gxf5 19.exf5 Bxg2 20.Kxg2 Qb7+ 21.Kh2 d5 22.Nxd5 Nxd5 23.cxd5 Nf6
24.Ne3 Rfd8 25.Nc4 Rxd5 26.Qe2 Bc5 27.Bxc5 Rcxc5 28.Rad1 e4 29.Qe3 Kh7 30.Rd4 Qc7
31.Rxd5 Rxd5 32.Qxb6 Rd2+ 33.Kh1 Qxg3  0-1

[Event "2nd League TCh-SCG"]
[Site "Belgrade SCG"]
[Date "2003.09.29"]
[Round "3"]
[White "Vukanovic,S"]
[Black "Arsovic,Z"]
[Result "1/2-1/2"]
[WhiteElo "2350"]
[BlackElo "2418"]

1.Nf3 c5 2.c4 Nf6 3.Nc3 e6 4.d4 cxd4 5.Nxd4 a6 6.g3 Qc7 7.Qd3 Nc6 8.Nxc6 dxc6
9.Bg2 e5 10.O-O Be6 11.b3 Rd8 12.Qc2 Be7 13.Bb2 O-O 14.Rad1 Rxd1 15.Rxd1 Rd8
16.Rxd8+  1/2-1/2

[Event "2nd League TCh-SCG"]
[Site "Belgrade SCG"]
[Date "2003.10.01"]
[Round "5"]
[White "Vukanovic,S"]
[Black "Jelic,G"]
[Result "1-0"]
[WhiteElo "2350"]
[BlackElo "2229"]

1.Nf3 c5 2.c4 Nf6 3.Nc3 e6 4.g3 b6 5.Bg2 Bb7 6.O-O Be7 7.d4 cxd4 8.Qxd4 d6
9.Bg5 a6 10.Bxf6 Bxf6 11.Qd3 Ra7 12.Rfd1 Be7 13.Rac1 O-O 14.Ne4 Ba8 15.Qe3 Rd7
16.Nc3 Bc6 17.b4 Bf6 18.a3 d5 19.cxd5 exd5 20.Nd4 Bb7 21.Qd3 g6 22.e3 Qe7
23.Na4 Rd6 24.Nc3 Nd7 25.Nce2 Ne5 26.Qb3 Rfd8 27.a4 h5 28.h4 Ng4 29.Nf4 Be5
30.b5 axb5 31.axb5 Bxf4 32.exf4 Qf6 33.Rc7 R8d7 34.Qc3 Qe7 35.Rc1 Rxc7 36.Qxc7 Rd7
37.Qxb6 Qb4 38.f5 Qd2 39.Rf1 Kg7 40.fxg6 fxg6 41.Ne6+ Kh6 42.Nc5 Rf7 43.Nxb7 d4
44.Qd8 Kg7 45.Nd6 Rxf2 46.Ne8+ Kh6 47.Qg5+  1-0

[Event "ECC"]
[Site "Rethymnon GRE"]
[Date "2003.10.02"]
[Round "5"]
[White "Chuchelov,V"]
[Black "Wukits,R"]
[Result "1-0"]
[WhiteElo "2608"]
[BlackElo "2288"]

1.Nf3 c5 2.c4 Nf6 3.Nc3 e6 4.g3 b6 5.Bg2 Bb7 6.O-O Be7 7.d4 cxd4 8.Qxd4 d6
9.Rd1 a6 10.Bg5 Nbd7 11.Qd2 O-O 12.Bf4 Ne8 13.Rac1 Rc8 14.b3 Rc7 15.Ng5 Bxg2
16.Kxg2 Qa8+ 17.Kg1 Ndf6 18.Qd3 Qb7 19.Nge4 Rd7 20.Qf3 Kh8 21.Rd3 b5 22.Nxf6 gxf6
23.cxb5 axb5 24.e4 b4 25.Na4 Rc7 26.Rxc7 Qxc7 27.Nb2 Qc6 28.Nc4 f5 29.exf5 Qxf3
30.Rxf3 e5 31.Bh6 Rg8 32.Rd3 e4 33.Rd4 Bg5 34.Bxg5 Rxg5 35.Ne3  1-0

[Event "2nd League TCh-SCG"]
[Site "Belgrade SCG"]
[Date "2003.10.04"]
[Round "8"]
[White "Cvetkovic,Sr"]
[Black "Cobic,V"]
[Result "1-0"]
[WhiteElo "2409"]
[BlackElo "2378"]

1.c4 c5 2.Nf3 Nf6 3.Nc3 d5 4.cxd5 Nxd5 5.g3 Nc6 6.Bg2 Nxc3 7.bxc3 e5 8.O-O Be7
9.d3 O-O 10.Rb1 Qc7 11.Nd2 Be6 12.c4 b6 13.Bb2 Rad8 14.Re1 Nd4 15.Nf1 Bg5
16.Ne3 Bxe3 17.fxe3 Nf5 18.Qc1 f6 19.Bh3 Qf7 20.e4 Ne7 21.Bxe6 Qxe6 22.Qe3 h5
23.Rf1 h4 24.gxh4 Qg4+ 25.Kh1 Qxh4 26.Rf3 g5 27.Rh3 Qf4 28.Qg1 Qd2 29.Bc1 Qxe2
30.Rb2 Rxd3 31.Rxe2 Rxh3 32.Qg4 Rh4 33.Qe6+ Rf7 34.Rf2  1-0

[Event "ECC"]
[Site "Rethymnon GRE"]
[Date "2003.10.04"]
[Round "7"]
[White "Conquest,S"]
[Black "Poeltl,T"]
[Result "1/2-1/2"]
[WhiteElo "2560"]
[BlackElo "2182"]

1.c4 Nf6 2.Nc3 c5 3.Nf3 d5 4.cxd5 Nxd5 5.e4 Nb4 6.Bc4 Be6 7.Bxe6 Nd3+ 8.Kf1 fxe6
9.Ng5 Nc6 10.Nxe6 Qd7 11.Nxc5 Nxc5 12.Qh5+ g6 13.Qxc5 e6 14.Qb5 a6 15.Qe2 Bc5
16.d3 Nb4 17.Bh6 Nxd3 18.Rd1 O-O-O 19.h4 Qf7 20.Be3 Bxe3 21.Qxe3 Nxb2 22.Rb1 Nc4
23.Qc5+ Qc7 24.Qxc7+ Kxc7 25.Rc1 b5 26.Rh3 Rd2 27.Rf3 Rhd8 28.Kg1 Kb6 29.Rf6 R8d6
30.Rf7 Rd7 31.Rf6 R7d6 32.Rf7 Rd7 33.Rf6  1/2-1/2

[Event "FSIM October"]
[Site "Budapest HUN"]
[Date "2003.10.07"]
[Round "4"]
[White "Pap,G"]
[Black "Horvath,An"]
[Result "1/2-1/2"]
[WhiteElo "2233"]
[BlackElo "2265"]

1.c4 Nf6 2.Nc3 c5 3.Nf3 b6 4.g3 Bb7 5.Bg2 g6 6.O-O Bg7 7.d4 cxd4 8.Nxd4 Bxg2
9.Kxg2 O-O 10.e4 Qc7 11.Qe2 Qb7 12.Rd1 Na6 13.b3 Rfe8 14.Bb2 Nc7 15.Rac1 a6
16.f3 d6 17.Nd5 Nd7 18.h4 h5 19.Qd2 Ne5 20.a4 e6 21.Nxc7 Qxc7 22.Ne2 Rad8
23.Nf4 Qb7 24.Bd4 Rd7 25.Qe2 Bh6 26.Be3 Bg7 27.Rd2 Qc6 28.Rcd1 Ra8 29.Nd3 Nxd3
30.Qxd3 Rb8 31.Bf4 Rc8 32.e5 Rcd8 33.exd6 Bf8 34.Be5 Bxd6 35.Bxd6 Rxd6 36.Qxd6 Rxd6
37.Rxd6 Qc5 38.R1d3 Kg7 39.f4 Qf5 40.Kh2 e5 41.R6d5 Qe4 42.fxe5  1/2-1/2

[Event "ch-Africa"]
[Site "Abuja NGR"]
[Date "2003.10.10"]
[Round "1"]
[White "Simutowe,A"]
[Black "Cochrane,JM"]
[Result "1/2-1/2"]
[WhiteElo "2424"]
[BlackElo "2206"]

1.Nf3 Nf6 2.c4 e6 3.Nc3 c5 4.d4 cxd4 5.Nxd4 Nc6 6.Ndb5 d6 7.e4 a6 8.Na3 Be7
9.Be2 O-O 10.O-O Qc7 11.Be3 Nd7 12.Rc1 Nce5 13.f4 Ng6 14.Qd2 Rd8 15.Nc2 Nb6
16.b3 Bd7 17.Nb4 Rac8 18.Kh1 d5 19.c5 Bxc5 20.Bxc5 Qxc5 21.Ncxd5 Qa5 22.Rxc8 Nxc8
23.f5 Nf8 24.fxe6 fxe6 25.Qg5 exd5 26.Nxd5 Kh8 27.b4 h6 28.Qh4 Ng6 29.Qg3 Qxa2
30.Bd3 Qd2 31.h4 Be6 32.Kh2 Rf8 33.Qxg6 Rxf1 34.Bxf1 Bxd5 35.exd5 Qf4+ 36.Kh3 Qxf1
37.Qe8+ Kh7 38.Qxc8 Qd3+ 39.g3 Qxd5 40.Qc2+  1/2-1/2

[Event "FSIM October"]
[Site "Budapest HUN"]
[Date "2003.10.12"]
[Round "9"]
[White "Kaposztas,M"]
[Black "Rudolf,A"]
[Result "0-1"]
[WhiteElo "2309"]
[BlackElo "2205"]

1.c4 e6 2.Nc3 c5 3.Nf3 Nf6 4.d4 cxd4 5.Nxd4 a6 6.Nc2 Be7 7.e4 d6 8.Be2 Nbd7
9.O-O b6 10.f3 Bb7 11.Be3 O-O 12.Qd2 Rc8 13.Rac1 Qc7 14.Nd4 Qb8 15.Rfd1 Rfe8
16.Bf1 Bd8 17.Kh1 Bc7 18.Bg1 d5 19.cxd5 exd5 20.Nxd5 Nxd5 21.exd5 Bf4 22.Rxc8 Rxc8
23.Qf2 g6 24.Nc6 Qd6 25.Qe1 Kg7 26.g3 Bg5 27.Bg2 Bf6 28.Qd2 h5 29.f4 Kh7
30.Bf3 b5 31.b3 Bg7 32.a4 bxa4 33.bxa4 Qa3 34.Qe3 Qxa4 35.Qe7 Qb3 36.Kg2 Nf6
37.Rd2 Nxd5 38.Bxd5 Bxc6 39.Qxf7 Rd8 40.Qxg7+ Kxg7 41.Bd4+ Kh7  0-1

[Event "FSGM October"]
[Site "Budapest HUN"]
[Date "2003.10.12"]
[Round "9"]
[White "Anka,E"]
[Black "Berczes,D"]
[Result "1/2-1/2"]
[WhiteElo "2432"]
[BlackElo "2323"]

1.Nf3 Nf6 2.c4 e6 3.Nc3 c5 4.g3 b6 5.Bg2 Bb7 6.O-O Be7 7.Re1 d6 8.e4 Nbd7
9.d4 cxd4 10.Nxd4 Qc7 11.Be3 a6 12.Rc1 O-O 13.f4 Rac8 14.g4 Nc5 15.Bf2 g6
16.e5 dxe5 17.fxe5 Nfd7 18.Bg3 Rfd8 19.Qe2 Bxg2 20.Kxg2 Nb8 21.Rcd1 Nc6 22.Nxc6  1/2-1/2

[Event "ch-Africa"]
[Site "Abuja NGR"]
[Date "2003.10.13"]
[Round "5"]
[White "Aoudia,K"]
[Black "Shabash,A"]
[Result "0-1"]
[WhiteElo "2156"]
[BlackElo "2161"]

1.Nf3 Nf6 2.c4 g6 3.Nc3 c5 4.d4 cxd4 5.Nxd4 Bg7 6.e4 d6 7.Be2 Nc6 8.Nc2 Bd7
9.O-O Rc8 10.Bd2 O-O 11.Rc1 a6 12.b3 Ne5 13.f3 Nc6 14.Kh1 Ne8 15.Ne3 Nd4
16.Bd3 e6 17.Ne2 Nxe2 18.Qxe2 Bc6 19.Bc3 Bxc3 20.Rxc3 Qf6 21.Rc2 h5 22.b4 Ba4
23.Rcc1 Ng7 24.f4 Qd4 25.f5 exf5 26.Nd5 Rce8 27.Qf3 f6 28.exf5 g5 29.Rfe1 Bc6
30.h3 Re5 31.Rxe5 Qxe5 32.Qe4 Kf7 33.Qf3 Re8 34.Qf2 g4 35.Qf4 Bxd5 36.Qxe5 Bxg2+
37.Kxg2 Rxe5 38.hxg4 hxg4 39.c5 Nxf5 40.Bxf5 Rxf5 41.cxd6 Ke6 42.Rc7 Rb5
43.d7 Ke7 44.a3 Kd8 45.Rc4 Kxd7  0-1

[Event "YM"]
[Site "Zug SUI"]
[Date "2003.10.14"]
[Round "8"]
[White "Berkvens,J"]
[Black "Loetscher,R"]
[Result "1/2-1/2"]
[WhiteElo "2450"]
[BlackElo "2345"]

1.Nf3 Nf6 2.c4 c5 3.Nc3 g6 4.d4 Bg7 5.e4 cxd4 6.Nxd4 d6 7.Be2 Nc6 8.Be3 O-O
9.O-O Nxd4 10.Bxd4 Be6 11.f4 Qa5 12.f5 Bd7 13.a3 Qd8 14.b4 b6 15.Qd2 Bc6
16.Bf3 Rc8 17.Rac1 Rc7 18.Qb2 Qa8 19.e5 dxe5 20.Bxe5 Rd7 21.Nd5 Bxd5 22.Bxd5 Qd8
23.b5 Ne8 24.Rce1 Bxe5 25.Rxe5 Nf6 26.Qd4 Nxd5 27.Rxd5 Rxd5 28.cxd5 Qd6 29.f6 Rd8
30.fxe7 Qxe7 31.a4 Qc5 32.Qxc5 bxc5 33.Rd1 Kg7 34.Kf2 Kf6 35.Kf3 Ke5 36.a5 Kd6
37.Ke4 Rb8 38.Rb1 f5+ 39.Kd3 Kxd5 40.Kc3 c4 41.Kb4 Rc8 42.Rd1+ Ke4 43.Kc3 Ke3
44.a6 f4 45.h4 Rc7 46.Rd2 Rc5 47.Rb2 h6 48.b6  1/2-1/2

[Event "EuTCh"]
[Site "Plovdiv BUL"]
[Date "2003.10.18"]
[Round "7"]
[White "Vasilev,M"]
[Black "Atakisi,U"]
[Result "0-1"]
[WhiteElo "2451"]
[BlackElo "2311"]

1.c4 c5 2.Nf3 Nf6 3.Nc3 d5 4.cxd5 Nxd5 5.g3 Nc6 6.Bg2 Nc7 7.O-O e5 8.d3 Be7
9.Bd2 O-O 10.Rc1 Ne6 11.a3 Re8 12.Be3 Bd7 13.Nd5 Bf8 14.b4 cxb4 15.axb4 f6
16.b5 Ncd4 17.Bxd4 exd4 18.Qb3 Kh8 19.Qb2 Qa5 20.Nxd4 Ba3 21.Qc3 Qxc3 22.Rxc3 Nxd4
23.Rxa3 Nxb5 24.Ra5 Rac8 25.e3 Bc6 26.Rb1 a6 27.Nb6 Rc7 28.d4 Bxg2 29.Kxg2 Rc2
30.Nd5 h6 31.h4 Rd8 32.Nf4 Rdc8 33.h5 Rd2 34.d5 Kg8 35.Ng6 Kf7 36.e4 Rc5
37.Raa1 Ke8 38.Rc1 Rcc2 39.Rxc2 Rxc2 40.e5 Nc3 41.exf6 gxf6 42.Nf4 f5 43.Re1+ Ne4
44.Nd3 Rd2 45.Re3 Kd7 46.g4 Kd6 47.gxf5 Kxd5 48.Kf3 Ng5+ 49.Kg2 a5 50.Nf4+ Kc6
51.Ne6 Nf7 52.Rc3+ Kd6 53.Nc5 Rb2 54.Nd3 Rb5 55.f6 Ke6 56.Nc5+ Kxf6 57.f4 Nd6
58.Kf3 Kf5 59.Nb3 Kf6 60.Rd3 Nf5 61.Nd2 b6 62.Rc3 Ne7 63.Ne4+ Ke6 64.Re3 Nf5
65.Rc3 Rb3 66.Rxb3 Nd4+ 67.Kg4 Nxb3 68.f5+ Ke5 69.Nc3 Nd4 70.f6 Kxf6 71.Nd5+ Ke5
72.Nxb6 Ke4 73.Na4 Ne6 74.Nc3+ Kd4 75.Na4 Nc5 76.Nb6 Ke4 77.Nc4 a4 78.Nd6+ Kd5
79.Nb5 Ke5 80.Na3 Ne4 81.Nc4+ Kd4 82.Na3 Nd6 83.Kf4 Kc3 84.Nb1+ Kc2 85.Na3+ Kb2  0-1